Prešetrenie podmienok oddeľovania talového mydla v procese výroby buničiny : Obh. 25.5.1998 /

Enregistré dans:
Détails bibliographiques
Auteur principal: Urmín, Peter (Auteur)
Format: Manuscrit Livre
Langue:slovaque
Publié: Bratislava : STU v Bratislave ChtF, 1998
Tags: Ajouter un tag
Pas de tags, Soyez le premier à ajouter un tag!

MARC

LEADER 00000ntm a22000003a 4500
001 stu33742
005 20150617225733.8
008 980910s1998----xo------------------slo-d
040 |a STU  |b slo 
041 0 |a slo 
044 |a xo 
100 1 |a Urmín, Peter  |4 aut 
245 1 |a Prešetrenie podmienok oddeľovania talového mydla v procese výroby buničiny :  |b Obh. 25.5.1998 /  |c [aut.]Urmín,Peter 
260 |a Bratislava :  |b STU v Bratislave ChtF,  |c 1998 
300 |a 58 s :  |b Tab.,grafy,lit 
500 |a Zameranie: Chemická technol.dreva,celul.a pap. 
996 |b CD12496  |c C*D12496  |l CCI  |s A  |a 24  |w stu33742_0001